00000000nam 2200000zi 4500
0019.947198
003CaOODSP
00520250121120300
006m    go  d f      
007cr |n|||||||||
008250121e198812  oncd    o    f000 0 eng d
040 |aCaOODSP|beng|erda|cCaOODSP
041 |aeng|bfre
043 |an-cn---
0861 |aCo24-3/12-1-1988E-PDF
24500|aEvaluation study : |bDOC fitness program.
24634|aDOC fitness program : |bevaluation report
264 1|a[Ottawa] : |bGovernment of Canada, Department of Communications = Gouvernement du Canada, Ministère des Communications, |cDecember 1988.
300 |a1 online resource (1 volume (various pagings)) : |bgraphs.
336 |atext|btxt|2rdacontent
337 |acomputer|bc|2rdamedia
338 |aonline resource|bcr|2rdacarrier
4901 |aEvaluation report = Rapport d'évaluation ; |v[1]
500 |aDigitized copy from print [produced by Innovation, Science and Economic Development Canada].
500 |a"DOC program evaluation series."
546 |aIncludes summary in French.
61010|aCanada. |bDepartment of Communications|xEvaluation.
61016|aCanada. |bMinistère des communications|xÉvaluation.
650 0|aPhysical fitness|zCanada|xEvaluation.
650 6|aCondition physique|zCanada|xÉvaluation.
7101 |aCanada. |bDepartment of Communications, |eissuing body.
830#0|aEvaluation report = Rapport d'évaluation ;|v[1]|w(CaOODSP)9.947045
85640|qPDF|s1.25 MB|uhttps://publications.gc.ca/collections/collection_2025/isde-ised/co24/Co24-3-12-1-1988-eng.pdf